Holiday Quiz

Random Holiday or Song Quiz

Christmas Song Spree Quiz Stats

 Plays Quiz Updated Dec 28, 2018

Challenge
Share
Tweet
Embed
Score 0/253 Timer 15:00
5 Plays Today
Song % Correct
Song 3 a
95.5%
Song 4a
95.5%
Song 4a
95.5%
Song 6a
95.5%
Song 6a
95.5%
Song 9a
95.5%
Song 10a
95.5%
Song 4I
94.3%
Song 5I
94.3%
Song 9I
94.3%
Song 9I
94.3%
Song 9I
94.3%
Song 1the
93.4%
Song 1the
93.4%
Song 1the
93.4%
Song 1the
93.4%
Song 1the
93.4%
Song 2the
93.4%
Song 4the
93.4%
Song 4the
93.4%
Song 5the
93.4%
Song 6The
93.4%
Song 6The
93.4%
Song 7the
93.4%
Song 7the
93.4%
Song 9the
93.4%
Song 3 Christmas
91.8%
Song 4Christmas.
91.8%
Song 5Christmas,
91.8%
Song 7Christmas
91.8%
Song 7Christmas
91.8%
Song 8Christmas,
91.8%
Song 8Christmas
91.8%
Song 8Christmas,
91.8%
Song 9Christmas.
91.8%
Song 9Christmas
91.8%
Song 10Christmas.
91.8%
Song 10Christmas.
91.8%
Song 1Be
89.6%
Song 4be
89.6%
Song 1you
84.5%
Song 3 You
84.5%
Song 5you
84.5%
Song 5you
84.5%
Song 7you
84.5%
Song 10you
84.5%
Song 5it
84.4%
Song 5it
84.4%
Song 1And
83.7%
Song 2and
83.7%
Song 2and
83.7%
Song 3 and
83.7%
Song 6and
83.7%
Song 8and
83.7%
Song 10And
83.7%
Song 10And
83.7%
Song 10And
83.7%
Song 3 me
81.7%
Song 5me
81.7%
Song 1time
81.6%
Song 1time
81.6%
Song 4time
81.6%
Song 8time
81.6%
Song 8Time
81.6%
Song 8time
81.6%
Song 1of
81.1%
Song 1of
81.1%
Song 1of
81.1%
Song 2of
81.1%
Song 4of
81.1%
Song 4of
81.1%
Song 1year.
80.5%
Song 1year.
80.5%
Song 4year.
80.5%
Song 5year,
80.5%
Song 10year
80.5%
Song 6is
78.8%
Song 8is
78.8%
Song 10is
78.8%
Song 10is
78.8%
Song 1It's
77.6%
Song 1It's
77.6%
Song 4It's
77.6%
Song 5to
75.3%
Song 5to
75.3%
Song % Correct
Song 7to
75.3%
Song 4snow,
74.4%
Song 2bell,
74.2%
Song 2bell,
74.2%
Song 2bell
74.2%
Song 2rock.
74%
Song 1jingle
73.8%
Song 2Jingle
73.8%
Song 2jingle
73.8%
Song 2jingle
73.8%
Song 2Jingle
73.8%
Song 2jingle
73.8%
Song 2jingle
73.8%
Song 3 for
73.8%
Song 8for
73.8%
Song 8for
73.8%
Song 9for
73.8%
Song 1wonderful
73.2%
Song 1wonderful
73.2%
Song 6wonderful
73.2%
Song 6wonderful
73.2%
Song 1most
73%
Song 1most
73%
Song 4Have
72.4%
Song 4have
72.4%
Song 10have
72.4%
Song 3 we
71.7%
Song 8we
71.7%
Song 7tree.
69.9%
Song 9tree.
69.9%
Song 1cheer.
68.1%
Song 4cheer.
68.1%
Song 8cheer.
68.1%
Song 5This
67.9%
Song 10this
67.9%
Song 10this
67.9%
Song 4best
67.5%
Song 10So
67.3%
Song 10so
67.3%
Song 9want
66.8%
Song 3 But
66.4%
Song 4But
66.4%
Song 5But
66.4%
Song 8but
66.4%
Song 9one
66.1%
Song 10one
66.1%
Song 2bells
63.8%
Song 2bells
63.8%
Song 3 Santa.
63.4%
Song 4don't
63%
Song 9don't
63%
Song 9don't
63%
Song 1good
62.7%
Song 8good,
62.7%
Song 4holly,
61.9%
Song 4jolly
61.4%
Song 3 no
61.2%
Song 9just
60.2%
Song 10just
60.2%
Song 2begun.
58.6%
Song 10begun.
58.6%
Song 10what
58.4%
Song 5day,
58%
Song 5my
57.8%
Song 4if
57.8%
Song 4know
57.1%
Song 3 from
56.6%
Song 3 can
56.6%
Song 5from
56.6%
Song 7can
56.6%
Song 3 over
56%
Song 10over.
56%
Song 2ring.
55.5%
Song 10new
54.9%
Song 6here
54.9%
Song 3 thing
54.3%
Song 9thing
54.3%
Song 5very
53.2%
Song 2has
53.1%
Song 5away.
52.8%
Song 2hop
52.5%
Song 7hop.
52.5%
Song 7around
52.2%
Song 3 there's
51.7%
Song 9There's
51.7%
Song % Correct
Song 3 Eve.
51.6%
Song 5heart.
51.5%
Song 5I'll
51.4%
Song 5Last
51%
Song 8last.
51%
Song 9lot
50.8%
Song 4there'll
49.9%
Song 5gave
49.8%
Song 5gave
49.8%
Song 5give
49.7%
Song 10done.
49.7%
Song 5next
49.6%
Song 9need.
49.3%
Song 9presents,
49.2%
Song 7Rockin'
49.1%
Song 7Every
48%
Song 1With
47.8%
Song 4cup
47.1%
Song 2fun.
46.6%
Song 2Now
45.8%
Song 5someone
45.7%
Song 10Another
45.7%
Song 7At
45.3%
Song 5special.
45%
Song 2swing
44.9%
Song 3 as
44.3%
Song 3 as
44.3%
Song 9underneath
44.2%
Song 7where
43.9%
Song 5save
43.4%
Song 7see.
42.9%
Song 3 reindeer.
42.5%
Song 7party
42%
Song 3 by
41.5%
Song 7Mistletoe
41.4%
Song 3 home
41%
Song 8near.
40.9%
Song 5tears,
40.6%
Song 3 got
38.8%
Song 9care
38.6%
Song 3 our
38.2%
Song 1everyone
38.2%
Song 3 say
37.6%
Song 9about
37.3%
Song 3 run
37.2%
Song 2up
36.6%
Song 6up.
36.6%
Song 3 Grandma
36.5%
Song 2Snowing
35.9%
Song 3 such
35.4%
Song 3 house
35.1%
Song 3 believe.
33.9%
Song 2blowing
33.9%
Song 1telling
33.6%
Song 1belling,
32.9%
Song 2bushels
32.4%
Song 3 Walking
31.6%
Song 3 Grandpa,
31.6%
Song 1kids
31.2%
Song 8been
30.3%
Song 7hung
30.3%
Song 8can't
29.2%
Song 7stop.
28.6%
Song 8We've
26.6%
Song 8Hurry
23.5%
Song 8hurry
23.5%
Song 8toys
23.4%
Song 7tries
23.3%
Song 8fast.
23%
Song 7couple
22.4%
Song 6We're
22.4%
Song 6that's
19.3%
Song 6having
17.1%
Song 6having
17.1%
Song 6right.
16.8%
Song 6Simply
15.4%
Song 6Simply
15.4%
Song 6Christmastime.
15.3%
Song 6Christmastime.
15.3%
Song 6mood
13.1%
Song 6tonight,
12.6%
Song 6enough.
10.8%
Song 6spirits
9.9%

You're not logged in!

Compare scores with friends on all Sporcle quizzes.
OR
Log In

You Might Also Like...

Show Comments

Extras

Top Quizzes Today


Score Distribution

Your Account Isn't Verified!

In order to create a playlist on Sporcle, you need to verify the email address you used during registration. Go to your Sporcle Settings to finish the process.

Report this User

Report this user for behavior that violates our Community Guidelines.

Details: